Teoría del costo incurrido (Registro nro. 16804)
[ vista simple ]
| 000 -LEADER | |
|---|---|
| fixed length control field | 00322 a2200109 4500 |
| 001 - CONTROL NUMBER | |
| control field | ART_6785 |
| 005 - DATE AND TIME OF LATEST TRANSACTION | |
| control field | 20260410161719.0 |
| 008 - FIXED-LENGTH DATA ELEMENTS--GENERAL INFORMATION | |
| fixed length control field | 260409a |
| 100 1# - MAIN ENTRY--PERSONAL NAME | |
| Personal name | Arreghini, Hugo Ricardo |
| 245 10 - TITLE STATEMENT | |
| Title | Teoría del costo incurrido |
| 773 0# - HOST ITEM ENTRY | |
| Title | Contabilidad y auditoría |
| Related parts | - Año 1, Nº 1 (dic. 1995) |
| Record control number | REV1723 |
No hay ítems disponibles.